Expressions Anglaises : IV.2. Electronics and computer science - Statistiques

Statistiques générales
  • Ce quiz a été pris 9 fois
  • Le résultat moyen est 20 sur 53
Statistiques - réponses
Hint Réponse % Correct
interactive technology la technologie interactive
60%
BASIC (Beginners' All-purpose Symbolic Instruction Code) le BASIC
60%
the computer industry l'industrie de l'informatique
60%
a laser beam un faisceau laser
60%
a CD / DVD burner un graveur de CD / DVD
60%
a CD-ROM player un lecteur CD-ROM
60%
a communications satellite (com-sat) un satellite de communication
60%
a speech / voice synthesizer un synthétiseur vocal
60%
digital sound recording enregistrement numérique du son
40%
computer-aided design (CAD) la conception assistée par ordinateur
40%
computer crime la criminalité informatique
40%
digital display l'affichage numérique
40%
virtual reality la réalité virtuelle
40%
computer-aided translation la traduction automatique
40%
computer equipment le matériel informatique
40%
software piracy le piratage des logiciels
40%
computer piracy le piratage informatique
40%
the computer age l'ère de l'informatique
40%
operating costs les coûts de fonctionnement
40%
the computer department le service informatique
40%
the global village le village planétaire
40%
RAM (Random Access Memory) mémoire vive
40%
an electronic organizer un agenda électronique
40%
a fiber-optic cable un câble à fibre optique
40%
a light pen / pencil un crayon optique
40%
a satellite dish une antenne parabolique
40%
a software library une bibliothèque de logiciels
40%
a pocket calculator une calculatrice de poche
40%
a video-display unit (VDU) une console vidéo
40%
a video-touch screen un écran tactile
40%
an ink-jet / bubble-jet printer une imprimante à jet d'encre
40%
a laser printer une imprimante laser
40%
a dot-matrix printer une imprimante matricielle
40%
a software maker un fabricant de logiciels
40%
a computer expert, a computer scientist un informaticien
40%
a software engineer un ingénieur en programmation
40%
a desktop computer un ordinateur de bureau
40%
a palmtop PC un ordinateur de poche
40%
a speech-recognition program un programme de reconnaissance vocale
40%
a home-shopping network un réseau d'achat à domicile
40%
a weather satellite un satellite météo
40%
a flight simulator un simulateur de vol
40%
a portable phone un téléphone portable
40%
a cordless phone un téléphone sans fil
40%
consumer electronics l’électronique grand public
20%
information technology les technologies de l'information
20%
ROM (Read Only Memory) mémoire morte
20%
a control device un dispositif de contrôle
20%
a remote control une télécommande
20%
a portable PC un portable
20%
office technology, office automation la bureautique
0%
communications technology la télématique
0%
a laptop PC un compact
0%
Aucun quiz correspondant
Distribution des résultats
% des personnes avec chaque résultat
Percentile par nombre de réponses
Votre historique - résultats
Vous n’avez pas pris ce quiz